<?xml version="1.0" encoding="UTF-8"?>
<collection xmlns="http://www.loc.gov/MARC21/slim">
 <record>
  <leader>01449pmm a22003018a 4500</leader>
  <controlfield tag="001">00030196</controlfield>
  <controlfield tag="005">20171026081023.0</controlfield>
  <controlfield tag="008">121225s                      ||||||   sd</controlfield>
  <datafield tag="082" ind1="1" ind2="4">
   <subfield code="a">372.07</subfield>
   <subfield code="b">Đ107GI</subfield>
  </datafield>
  <datafield tag="110" ind1="1" ind2="#">
   <subfield code="a">Dự án phát triển giáo viên tiểu học</subfield>
   <subfield code="b">Bộ Giáo dục và Đào tạo</subfield>
  </datafield>
  <datafield tag="245" ind1="0" ind2="0">
   <subfield code="b">Tài liệu đào tạo và bồi dưỡng</subfield>
   <subfield code="a">Đánh giá kết quả học tập ở tiểu học và phương pháp nghiên cứu khoa học</subfield>
   <subfield code="h">nguồn liệu điện tử]</subfield>
  </datafield>
  <datafield tag="300" ind1="#" ind2="#">
   <subfield code="a">1 đĩa CD</subfield>
   <subfield code="c">4 3/4 in.</subfield>
  </datafield>
  <datafield tag="500" ind1="#" ind2="#">
   <subfield code="a">Tài liệu được xuất bản trong khuôn khổ Dự án phát triển Giáo viên Tiểu học (không thu tiền)</subfield>
  </datafield>
  <datafield tag="520" ind1="#" ind2="#">
   <subfield code="a">Gồm một số nội dung: Chấm bài tự luận ở tiểu học, kỹ thuật quan sát và cho nhận xét, phương pháp nghiên cứ khoa học giáo dục....</subfield>
  </datafield>
  <datafield tag="653" ind1="#" ind2="#">
   <subfield code="a">Giáo dục tiểu học</subfield>
  </datafield>
  <datafield tag="653" ind1="#" ind2="#">
   <subfield code="a">Đĩa CD</subfield>
  </datafield>
  <datafield tag="653" ind1="#" ind2="#">
   <subfield code="a">Đánh giá kết quả</subfield>
  </datafield>
  <datafield tag="653" ind1="#" ind2="#">
   <subfield code="a">Phương pháp nghiên cứu khoa học</subfield>
  </datafield>
  <datafield tag="852" ind1="#" ind2="#">
   <subfield code="j">DPT.0000249</subfield>
   <subfield code="j">DPT.0000248</subfield>
   <subfield code="j">DPT.0000247</subfield>
  </datafield>
  <datafield tag="852" ind1="#" ind2="#">
   <subfield code="b">Kho đa phương tiện</subfield>
   <subfield code="j">DPT.0000247, DPT.0000249, DPT.0000248</subfield>
  </datafield>
  <datafield tag="910" ind1=" " ind2=" ">
   <subfield code="d">25/12/2012</subfield>
  </datafield>
  <datafield tag="980" ind1="#" ind2="#">
   <subfield code="a">Trung tâm Học liệu Lê Vũ Hùng, Trường Đại học Đồng Tháp</subfield>
  </datafield>
 </record>
</collection>
